Online
Catalog

Cuentos. (Record no. 43202)

MARC details
000 -CABECERA
campo de control de longitud fija 00273nam a2200109 a 4500
005 - FECHA Y HORA DE LA ÚLTIMA TRANSACCIÓN
campo de control 20201002044930.0
008 - DATOS DE LONGITUD FIJA--INFORMACIÓN GENERAL
campo de control de longitud fija 140404s1972 000 spa d
040 ## - FUENTE DE LA CATALOGACIÓN
Centro catalogador/agencia de origen DO-SdBNP
100 ## - ENTRADA PRINCIPAL--NOMBRE DE PERSONA
Nombre de persona Tolstoi, Leon
9 (RLIN) 46625
245 #0 - MENCIÓN DE TÍTULO
Título Cuentos.
260 ## - PUBLICACIÓN, DISTRIBUCIÓN, ETC.
Lugar de publicación, distribución, etc. Madrid -- Libra,
Fecha de publicación, distribución, etc. 1972 -- 188 p.

No items available.

Powered by Koha